000
00297nam a22001337a 4500
020
_a
0-07-112802-6
082
_a
621.3848 SKO'D
100
_a
SKOLNIK, MARRIL
_9
64833
245
_a
RADAR HANDBOOK
250
_a
2ND
260
_a
NEWYORK
_b
MCGRAW HILL
_c
1992
300
_a
XXIV,2535P
942
_c
BK
999
_c
573210
_d
573210